| 000 | 00377nam a22001697a 4500 | ||
|---|---|---|---|
| 005 | 20160613154829.0 | ||
| 008 | 160613b xxu||||| |||| 00| 0 eng d | ||
| 020 | _a81-203-1714-9 | ||
| 041 | _aeng | ||
| 082 | _b7286 | ||
| 100 |
_aGupta, Vaswar, Das _91813 |
||
| 245 | _aSales Management | ||
| 260 |
_bPHI _c2004 |
||
| 300 | _a221 | ||
| 650 |
_aManagement _9241 |
||
| 942 | _cBK | ||
| 999 |
_c2548 _d2547 |
||